=LDR 00000nam 2200000 4500 =001 INLIS000000000012378 =005 20130612103916 =008 ***********************************Ind** =035 ##$$0010-061300000012378 =041 ##$$a Ind =082 ##$$a 658.64 =090 ##$$a 658.64, Dru e =100 ##$$a Drucker, peter F =245 ##$$a Eksekutif yang efektif, Peter F. Druckir ; alih bahasa Rosiana Budiman =260 ##$$b Cet.3 =300 ##$$a Jakarta, Erlangga, 1990 =650 ##$$a Manajemen Eksekutif =700 ##$$a Budiman, Rosiana =850 ##$$a NBPNMAT